Statistiken für Länder Europas mit einer leeren Karte

Klicken Sie hier um das Quiz zu spielen!

Allgemein

  • Dieses Quiz wurde 15.727 mal gespielt
  • Das Durchschnittsergebnis liegt bei 42 aus 45

Antworten auf der Karte

Die Antworten werden auf der Karte rot bzw. grün angezeigt, abhängig davon wie oft sie richtig erraten wurden.
Laden ...
 

Antwortstatistiken

Land% Korrekt
Frankreich
99%
Deutschland
99%
Österreich
98%
Portugal
98%
Schweden
98%
Schweiz
98%
Spanien
98%
Polen
98%
Italien
98%
Finnland
98%
Norwegen
97%
Tschechien
97%
Belgien
97%
Luxemburg
96%
Belarus
96%
Dänemark
96%
Niederlande
96%
Russland
96%
Lettland
96%
Litauen
95%
Estland
95%
Kroatien
95%
Griechenland
95%
Vereinigtes Königreich
95%
Slowakei
94%
Ungarn
94%
Slowenien
94%
Ukraine
94%
Irland
94%
Albanien
93%
Island
93%
Rumänien
92%
Andorra
92%
Serbien
92%
Bulgarien
92%
Bosnien und
Herzegowina
92%
Liechtenstein
91%
Vatikanstadt
89%
Nordmazedonien
88%
Kosovo
88%
Monaco
87%
Malta
86%
San Marino
85%
Montenegro
84%
Moldawien
84%

Verteilung der Resultate

Perzentil nach korrekt beantworteten Fragen

Anzahl Personen mit jedem Resultat

Ihre Resultats-Entwicklung

Sie haben dieses Quiz noch nicht gespielt